000 00224 a2200097 4500
001 14152
100 _aPugh A.K
245 _aLanguage & language use
260 _aLondon
_bHeinemann education book
_c
090 _c11096
_d11096
942 _aNUST-CAE
_cM
_c1221
999 _c249225
_d249225